University Home | Library Home | Institutional Repository

Microeconomic theory : (Record no. 216334)

MARC details
000 -LEADER
fixed length control field 00805 a2200241 4500
005 - DATE AND TIME OF LATEST TRANSACTION
control field 20260305152610.0
008 - FIXED-LENGTH DATA ELEMENTS--GENERAL INFORMATION
fixed length control field 260226b ||||| |||| 00| 0 eng d
020 ## - INTERNATIONAL STANDARD BOOK NUMBER
International Standard Book Number 9781111525514
040 ## - CATALOGING SOURCE
Original cataloging agency LC
Transcribing agency UNZA
Description conventions RDA
050 ## - LIBRARY OF CONGRESS CALL NUMBER
Classification number HB 172
Item number SNY 2012
100 ## - MAIN ENTRY--PERSONAL NAME
Personal name Snyder, Christopher
Relator term author
245 ## - TITLE STATEMENT
Title Microeconomic theory :
Remainder of title basic principles and extensions /
Statement of responsibility, etc. Christopher Snyder, Dartmouth College and Walter Nicholson, Amherst College.
250 ## - EDITION STATEMENT
Edition statement Eleventh edition.
260 ## - PUBLICATION, DISTRIBUTION, ETC.
Place of publication, distribution, etc. Boston :
Name of publisher, distributor, etc. South-Western Cengage Learning,
Date of publication, distribution, etc. 2012.
300 ## - PHYSICAL DESCRIPTION
Extent xxi, 738 pages :
Other physical details illustrations.
336 ## - CONTENT TYPE
CONTENT TYPE Text
337 ## - MEDIA TYPE
MEDIA TYPE Unmediated
338 ## - CARRIER TYPE
CARRIER TYPE Volume
504 ## - BIBLIOGRAPHY, ETC. NOTE
Bibliography, etc. note Includes bibliographical references and index.
650 ## - SUBJECT ADDED ENTRY--TOPICAL TERM
Topical term or geographic name entry element Microeconomics
700 ## - ADDED ENTRY--PERSONAL NAME
Personal name Nicholson, Walter
Relator term author
999 ## -
-- 216334
-- 216334
942 ## - ADDED ENTRY ELEMENTS (KOHA)
Koha item type Book
Holdings
Withdrawn status Lost status Source of classification or shelving scheme Damaged status Not for loan Collection code Home library Current library Shelving location Date acquired Source of acquisition Cost, normal purchase price Total Checkouts Full call number Barcode Date last seen Copy number Cost, replacement price Price effective from Koha item type
    Library of Congress Classification     Non-fiction Main Library Main Library On Shelf 02/25/2026 Donation 300.00   HB 172 SNY 2012 33729006808914 02/25/2026 1 300.00 02/25/2026 Book
    Library of Congress Classification     Non-fiction Main Library Main Library On Shelf 02/25/2026 Donation 300.00   HB 172 SNY 2012 33729006808856 02/25/2026 2 300.00 02/25/2026 Book
    Library of Congress Classification     Non-fiction Main Library Main Library On Shelf 02/25/2026 Donation 300.00   HB 172 SNY 2012 33729006808732 02/25/2026 3 300.00 02/25/2026 Book
    Library of Congress Classification     Non-fiction Main Library Main Library On Shelf 02/25/2026 Donation 300.00   HB 172 SNY 2012 33729006808799 02/25/2026 4 300.00 02/25/2026 Book
    Library of Congress Classification     Non-fiction Main Library Main Library On Shelf 02/25/2026 Donation 300.00   HB 172 SNY 2012 33729006808971 02/25/2026 5 300.00 02/25/2026 Book
© 2026 - The University of Zambia Library - Koha v25.11